FHM sexiest woman 2012 - Statistics

General Stats
  • This quiz has been taken 963 times
  • The average score is 10 of 100
Answer Stats
Hint Answer % Correct
38 Beyonce
52%
3 Rihanna
50%
7 Megan Fox
44%
6 Katy Perry
39%
31 Angelina Jolie
37%
79 Jennifer Aniston
37%
74 Jennifer Lawrence
37%
9 Mila Kunis
37%
99 Taylor Swift
36%
61 Jennifer Lopez
35%
65 Kim Kardashian
34%
64 Emma Watson
30%
75 Selena Gomez
27%
2 Cheryl Cole
26%
41 Jessica Alba
26%
33 Miley Cyrus
26%
30 Scarlett Johansson
26%
59 Britney Spears
25%
23 Kate Upton
25%
71 Natalie Portman
22%
37 Emma Stone
21%
26 Michelle Keegan
17%
88 Nicki Minaj
16%
20 Kelly Brook
14%
45 Adriana Lima
12%
32 Kate Middleton
12%
35 Paris Hilton
12%
51 Miranda Kerr
11%
83 Sofia Vergara
10%
24 Holly Willoughby
9%
11 Pippa Middleton
9%
94 Rita Ora
9%
16 Jessie J
8%
12 Pixie Lott
8%
54 Vanessa Hudgens
8%
47 Helen Flanagan
7%
42 Fearne Cotton
6%
56 Kaley Cuoco
6%
53 Olivia Wilde
6%
1 Tulisa Contostavlos
6%
76 Amanda Seyfried
5%
19 Frankie Sandford
5%
25 Cher Lloyd
4%
5 Georgia Salpa
4%
95 Irina Shayk
4%
8 Keeley Hazell
4%
14 Mollie King
4%
18 Rosie Huntington-Whiteley
4%
4 Rosie Jones
4%
17 Zooey Deschanel
4%
48 Caroline Flack
3%
10 Emily Atack
3%
36 Karen Gillan
3%
52 Kristin Stewart
3%
27 Lana Del Rey
3%
40 Olivia Munn
3%
84 Rachel Riley
3%
66 Una Healy
3%
69 Abbey Clancey
2%
82 Alex Jones
2%
77 Alison Brie
2%
46 Bar Refaeli
2%
89 Christina Hendricks
2%
58 Christine Bleakley
2%
13 Daisy Lowe
2%
62 Hayley Williams
2%
72 January Jones
2%
91 Jenna-Louise Coleman
2%
15 Millie Mackintosh
2%
85 Alexandra Stan
1%
70 Ashley Greene
1%
55 Carey Mulligan
1%
44 Dianna Agron
1%
92 Florrie
1%
96 Helen Skelton
1%
86 Jorgie Porter
1%
97 Kate Garraway
1%
21 Laura Haddock
1%
87 Laura Whitmore
1%
67 Lucy Mecklenburgh
1%
68 Minka Kelly
1%
39 Naya Rivera
1%
63 Rachel Bilson
1%
29 Taylor Momsen
1%
60 Yasmin
1%
93 Alexandra Breckenridge
0%
22 Bernice Marlohe
0%
80 Caggie Dunlop
0%
57 Florence Brudenell-Bruce
0%
100 Franziska Klein
0%
78 Freya Mavor
0%
49 Jade Thirwall
0%
81 Janina Gavankar
0%
90 Jenna Randall
0%
98 Jessica Findlay Brown
0%
50 Jessica Michibata
0%
28 Katrina Bowden
0%
73 Kaya Scodelario
0%
34 Mellisa Clarke
0%
43 Nichole Scherzinger
0%
No matching quizzes found
Score Distribution
Percent of People with Each Score
Percentile by Number Answered
Your Score History
You have not taken this quiz